Polskie miasta na B według podpowiedzi - Statystyki

Ogólne statystyki
  • Ten quiz został rozwiązany 250 razy
  • Średni wynik to 6 z 10
Statystyki odpowiedzi
Podpowiedź Miasto % Poprawnych
Słynie z położonej niedaleko kopalni węgla brunatnego. Bełchatów
77%
Jo sie pytom, kaj je _____. Bytom
77%
Siedziba słynnego Studia Filmów Rysunkowych. Bielsko-Biała
76%
Dzielnice tego miasta to m.in. Antoniuk, Wygoda i Dojlidy. Białystok
71%
Druga obok wielickiej słynna kopalnia soli mieści się w tym mieście. Bochnia
71%
Dolnośląskie miasto słynące z ceramiki. Bolesławiec
71%
Miasto nad Brdą będące domem łuczniczki. Bydgoszcz
64%
Najbardziej na południowy zachód wysunięte miasto Polski. Bogatynia
55%
Nazwa tego miasta w woj. lubelskim brzmi jak nazwa kiełbasy. Biała Podlaska
41%
Pierwsza stolica Warmii. Braniewo
34%
Nie znaleziono quizów pasujących do podanych kryteriów
Rozkład punktacji
Procent ludzi z każdym wynikiem
Percentyl według liczby udzielonych odpowiedzi
Twoja historia wyników
Nie rozwiązałeś tego quizu